000 00521nam a2200181Ia 4500
001 21405
005 20260306172917.0
008 260306t2009||||xx |||||||||||||| ||spa||
041 _aESP
082 _a344.83
_bP42
100 _aPeña Cabrera Freyre, Alonso R. [1969-...]
_eAUT
245 0 _aDerecho penal económico:
_bun estudio dogmático a los delitos económicos, financieros y monetarios
260 _c2009
300 _a460 páginas :
_c24 cm.
650 _aGEN
654 _aCDE
942 _cLIB
_dJUS
_fJUS
_2ddc
_n
999 _c21405
_d21405